| 000 | 00656nam a2200241 a 4500 | ||
|---|---|---|---|
| 001 | 000006706 | ||
| 003 | DO-SdBNP | ||
| 005 | 20230215091826.0 | ||
| 007 | ta | ||
| 008 | 090902s2004 dr c 001 spa d | ||
| 020 | _a9993479012 | ||
| 040 |
_aDO-SdBNP _bspa _cBNPHU |
||
| 082 |
_axxx _bV434 _222 |
||
| 100 | 1 |
_aVelázquez Nin, Rhina _918670 |
|
| 245 | 1 | 0 |
_aMi faby autista / _cRhina Velázquez Nin. |
| 260 |
_aSanto Domingo, : _bBuho, _c2004. |
||
| 300 |
_a100 p. ; _cretrs. _c22 cm. |
||
| 500 | _aInluye datos biográficos | ||
| 500 | _aIncluye referencias bibliográficas | ||
| 590 | _aInventariado, 2023 / DG | ||
| 910 | _aDG | ||
| 942 |
_2ddc _cLBS1 |
||
| 999 |
_c6495 _d6495 |
||